000 00991nam a22002415i 4500
001 158499
003 ES-MaACL
005 20250828004910.0
008 040827s1888 gw |||| | ger d
040 _aCAM
_bspa
_cCAM
100 1 _aMager, K.W.
_9129344
245 1 0 _aDeutsche bürgerschule /
_cK.W. Magers. Mit Magers biographie herausgegeben von K. Eberhardt.
260 _aLangensalza :
_bdruck und verlag von Hermann Beyer & Söhne,
_c1888.
300 _aLII, 164 p. ;
_c21 cm.
490 1 _aBibliothek pädagogischer klassiker / herausgegeben von Friedrich Mann
650 0 7 _aPedagogía
_2embne
_915904
650 0 4 _aEscuela pública-
_zAlemania.
_9136042
700 1 1 _aEberhardt, K.,
_eed. lit.
_9126912
752 _aAlemania -
_cLangensalza
830 0 _aBibliothek pädagogischer klassiker / herausgegeben von Friedrich Mann
_9188307
852 _aES-MaACL
_jG-15181
_z-- Enc. hol., conservando la cub. original
_z-- Enc. en un vol. facticio
999 _c158499
_d158499